The Stratospheric aerosol layer /

Bibliographic Details
Other Authors: Whitten, R. C. (Robert Craig), 1926-, Castleman, A. W. (Albert Welford), 1936-
Format: Book
Language:English
Published: Berlin ; New York : Springer-Verlag, 1982.
Series:Topics in current physics ; 28.
Subjects:

MARC

Tag First Indicator Second Indicator Subfields
LEADER 00000cam a22000008a 4500
001 in00000088607
005 20151008065144.0
008 811110s1982 wb b 00100 eng
010 |a  81021208  
020 |a 0387112294 (U.S.) 
035 |a (OCoLC)07978165 
035 |9 AAK5448AM 
040 |a DLC  |c DLC  |d TXA  |d UtOrBLW 
049 |a TXAM  |c [1362299] 
050 0 0 |a QC882  |b .S77 
082 0 |a 551.5/142  |2 19 
245 0 4 |a The Stratospheric aerosol layer /  |c edited by R.C. Whitten ; with contributions by A.W. Castleman [and others]. 
263 |a 8201 
264 1 |a Berlin ;  |a New York :  |b Springer-Verlag,  |c 1982. 
300 |a ix, 152 pages :  |b illustrations ;  |c 25 cm. 
336 |a text  |b txt  |2 rdacontent 
337 |a unmediated  |b n  |2 rdamedia 
338 |a volume  |b nc  |2 rdacarrier 
490 1 |a Topics in current physics ;  |v 28 
504 |a Includes bibliographical references and index. 
650 0 |a Aerosols  |x Measurement. 
650 0 |a Sulfates  |x Measurement. 
650 0 |a Stratosphere  |x Measurement. 
650 0 |a Atmospheric chemistry. 
700 1 |a Whitten, R. C.  |q (Robert Craig),  |d 1926- 
700 1 |a Castleman, A. W.  |q (Albert Welford),  |d 1936- 
830 0 |a Topics in current physics ;  |v 28. 
999 |a MARS 
999 f f |s ef5cd6ed-8db7-393c-8269-d47b6250d2ac  |i 1afcd709-4c2e-3a25-bb58-118a6978f2a0  |t 0 
952 f f |p ric  |a Texas A&M University  |b Rellis Campus  |c Joint Library Facility  |d Remote Storage  |t 0  |e QC882 .S77  |h Library of Congress classification  |i unmediated -- volume  |m A14806209976 
998 f f |a QC882 .S77  |t 0  |l Remote Storage